000
00348nam a22001697a 4500
003
SGT
020
_a
9789356961630
082
_a
611
_b
C24K
100
_a
KUMAR, AJAY
245
_a
CLINICAL ANATOMY
250
_a
1ST
260
_a
NEW DELHI
_b
C24K
_c
2024
300
_a
231
650
_a
ANATOMY
653
_a
CLINICAL, ANATOMY
942
_2
ddc
_c
BK
999
_c
32251
_d
32251